[Event "FRA-chT2 0405"]
[Site "France"]
[Date "2004.11.06"]
[Round "2.2"]
[White "Mohandesi, Shahin"]
[Black "Boudrenghien, Frederic"]
[Result "1-0"]
[WhiteElo "2332"]
[BlackElo "2129"]
[PlyCount "69"]
[EventDate "2004.10.10"]
[EventType "team"]
[EventRounds "11"]
[EventCountry "FRA"]
[SourceTitle "EXT 2006"]
[Source "ChessBase"]
[SourceDate "2005.11.24"]
[SourceVersion "1"]
[SourceVersionDate "2005.11.24"]
[SourceQuality "1"]
[WhiteTeam "Bagneux"]
[BlackTeam "Neuville en Ferrain"]
[WhiteTeamCountry "FRA"]
[BlackTeamCountry "FRA"]

1. d4 d6 2. Nf3 Bg4 3. c4 Nd7 4. e3 Ngf6 5. Be2 e5 6. Nc3 Be7 7. d5 0-0 8. Nd2 Bxe2 9. Qxe2 Ne8 10. e4 Bg5 11. 0-0 a5 12. b3 Nc5 13. Ba3 b6 14. Nf3 Bh6 15. Rab1 g6 16. Bc1 Bxc1 17. Rfxc1 Ng7 18. a3 f5 19. exf5 Rxf5 20. b4 Nd7 21. Ne4 Nf6 22. Nfd2 Ngh5 23. Nxf6+ Qxf6 24. Ne4 Qe7 25. Qe3 Nf6 26. Nxf6+ Qxf6 27. c5 bxc5 28. bxc5 Rf8 29. f3 Rf4 30. cxd6 cxd6 31. Rb7 e4 32. Rcc7 Qa1+ 33. Kf2 Rxf3+ 34. gxf3 Rxf3+ 35. Qxf3 1-0